| 000 | 00428nam a2200145 a 4500 | ||
|---|---|---|---|
| 001 | 000008940 | ||
| 005 | 20200929161437.0 | ||
| 008 | 090921s1982 pn a 000 0 spa d | ||
| 040 |
_aDO-SdBNP _bspa _cBNPHU |
||
| 082 |
_axxx _bO84p |
||
| 245 | 0 | 0 |
_aPara el combate y la esperanza / _cintroducción y selección Esther M. Osses. |
| 260 |
_aMaracaibo (Panamá) : _bTaller, _c1982. |
||
| 300 |
_a188 p. : _bil ; _c20 cm. |
||
| 049 | _aBNPD | ||
| 999 |
_c8706 _d8706 |
||